书目信息 |
| 题名: |
洁净煤技术
|
|
| 作者: | 卓建坤 , 陈超 , 姚强 编著 | |
| 分册: | ||
| 出版信息: | 北京 化学工业出版社 2016.01 |
|
| 页数: | 360页,[4]页图版 | |
| 开本: | 24cm | |
| 丛书名: | 21世纪可持续能源丛书 | |
| 单 册: | ||
| 中图分类: | TD94 | |
| 科图分类: | ||
| 主题词: | 清洁煤--技术--高等职业教育--教材 | |
| 电子资源: | ||
| ISBN: | 978-7-122-24843-5 | |
| 000 | 01101oam2 2200313 450 | |
| 001 | 0120161758623 | |
| 005 | 20170324112634.10 | |
| 010 | @a978-7-122-24843-5@dCNY98.00 | |
| 100 | @a20160129d2016 em y0chiy50 ea | |
| 101 | 0 | @achi |
| 102 | @aCN@b110000 | |
| 105 | @aafk z 000yy | |
| 106 | @ar | |
| 200 | 1 | @a洁净煤技术@9jie jing mei ji shu@f卓建坤,陈超,姚强编著 |
| 205 | @a2版 | |
| 210 | @a北京@c化学工业出版社@d2016.01 | |
| 215 | @a360页,[4]页图版@c图@d24cm | |
| 225 | 2 | @a21世纪可持续能源丛书 |
| 300 | @a“十二五”国家重点图书 | |
| 330 | @a本书系统阐述了洁净煤技术领域的基本知识和主要的新工艺、新技术,内容包括:煤炭利用与环境问题、煤炭净化技术、煤的先进燃烧技术、燃煤烟气净化技术、煤的气化技术等八章。 | |
| 333 | @a高校相关专业师生,相关技术人员 | |
| 461 | 0 | @12001 @a21世纪可持续能源丛书 |
| 606 | 0 | @a清洁煤@x技术@x高等职业教育@j教材 |
| 690 | @aTD94@v5 | |
| 701 | 0 | @a卓建坤@9zhuo jian kun@f(1975-)@4编著 |
| 701 | 0 | @a陈超@9chen chao@f(1982-)@4编著 |
| 701 | 0 | @a姚强@9yao qiang@f(1962-)@4编著 |
| 801 | 0 | @aCN@b人天书店@c20160129 |
| 905 | @b980243-45@dTD94@e39=2@f3 | |
| 洁净煤技术/卓建坤,陈超,姚强编著.-2版.-北京:化学工业出版社,2016.01 |
| 360页,[4]页图版:图;24cm.-(21世纪可持续能源丛书) |
| “十二五”国家重点图书.-使用对象:高校相关专业师生,相关技术人员 |
| ISBN 978-7-122-24843-5:CNY98.00 |
| 本书系统阐述了洁净煤技术领域的基本知识和主要的新工艺、新技术,内容包括:煤炭利用与环境问题、煤炭净化技术、煤的先进燃烧技术、燃煤烟气净化技术、煤的气化技术等八章。 |
| ● |
| 相关链接 |
|
|
|
|
正题名:洁净煤技术
索取号:TD94/39=2
 
预约/预借
| 序号 | 登录号 | 条形码 | 馆藏地/架位号 | 状态 | 备注 |
| 1 | 980243 | 209802436 | 第二样本阅览室/ [索取号:TD94/39=2] | 在馆 | |
| 2 | 980244 | 209802445 | 第三借阅区/ [索取号:TD94/39=2] | 在馆 | |
| 3 | 980245 | 209802454 | 化学系资料室/ [索取号:TD94/39=2] | 在馆 |